डरपोरशंखः58 व्यंग्य संग्रह/ (Record no. 8892)
[ view plain ]
| 000 -LEADER | |
|---|---|
| fixed length control field | 01094 a2200241 4500 |
| 005 - DATE AND TIME OF LATEST TRANSACTION | |
| control field | 20080917145726.0 |
| 008 - FIXED-LENGTH DATA ELEMENTS--GENERAL INFORMATION | |
| fixed length control field | 080917t xxu||||| |||| 00| 0 hin d |
| 010 ## - LCCN (DPL NO) | |
| LC control number | HIN-81755 |
| 020 ## - INTERNATIONAL STANDARD BOOK NUMBER | |
| International Standard Book Number | 9788187568148 |
| Terms of availability | 158.00 |
| 035 ## - SYSTEM CONTROL NUMBER | |
| System control number | HN-54101 |
| 037 ## - SOURCE OF ACQUISITION | |
| Source of stock number/acquisition | पु.प्र.अ.प्र/प्रका |
| 082 ## - DEWEY DECIMAL CLASSIFICATION NUMBER | |
| Classification number | 827 |
| 100 ## - MAIN ENTRY--PERSONAL NAME | |
| Personal name | दाहिया, के. |
| 245 ## - TITLE STATEMENT | |
| Title | डरपोरशंखः58 व्यंग्य संग्रह/ |
| Statement of responsibility, etc | के.दाहिया |
| 246 ## - VARYING FORM OF TITLE | |
| Title proper/short title | Dapoorshankh |
| Remainder of title | by K.Dahiya |
| 260 ## - PUBLICATION, DISTRIBUTION, ETC. (IMPRINT) | |
| Place of publication, distribution, etc | इलाहाबाद |
| Name of publisher, distributor, etc | के.के.पब्लिकेशन्स |
| Date of publication, distribution, etc | 2007 |
| 270 ## - ADDRESS | |
| Address | 618,कटरा |
| City | इलाहाबाद |
| Postal code | 211002 |
| Telephone number | 0532-3202227 |
| 300 ## - PHYSICAL DESCRIPTION | |
| Extent | 124पृ |
| Dimensions | 22 सेमी (अजिल्द) |
| 650 ## - SUBJECT ADDED ENTRY--TOPICAL TERM | |
| Topical term or geographic name as entry element | हिन्दी व्यंग्य |
| 651 ## - SUBJECT ADDED ENTRY--GEOGRAPHIC NAME | |
| Geographic name | Hindi Satire |
| 942 ## - ADDED ENTRY ELEMENTS (KOHA) | |
| Institution code [OBSOLETE] | dpl |
| Item type | Hindi Books |
| Call number prefix | 827 / दाहिया |
| Source of classification or shelving scheme | Dewey Decimal Classification |
| Classification part | 827 |
| Call number suffix | दाहिया |
| Withdrawn status | Lost status | Source of classification or shelving scheme | Damaged status | Not for loan | Home library | Current library | Date acquired | Cost, normal purchase price | Total Checkouts | Full call number | Barcode | Date last seen | Copy number | Cost, replacement price | Koha item type |
|---|---|---|---|---|---|---|---|---|---|---|---|---|---|---|---|
| Dewey Decimal Classification | D.B.Act.Division | D.B.Act.Division | 17/09/2008 | 158.00 | 827 दाहिया | HN-54101 | 15/09/2008 | 1 | 158.00 | Hindi Books |
